[Event "Canadian op"]
[Site "Toronto"]
[Date "2010.07.17"]
[Round "8"]
[White "Li, Ruokai David"]
[Black "Oussedik, Elias"]
[Result "1-0"]
[WhiteElo "2017"]
[BlackElo "2002"]
[PlyCount "47"]
[EventDate "2010.07.10"]
[EventType "swiss"]
[EventRounds "9"]
[EventCountry "CAN"]
[SourceTitle "CBM 137 Extra"]
[Source "ChessBase"]
[SourceDate "2010.09.01"]
[SourceVersion "1"]
[SourceVersionDate "2010.09.01"]
[SourceQuality "1"]

1. e4 e6 2. d4 d5 3. Nd2 Nf6 4. e5 Nfd7 5. f4 c5 6. c3 Nc6 7. Ndf3 cxd4 8. cxd4 Qb6 9. g3 Bb4+ 10. Kf2 f6 11. Kg2 0-0 12. Bd3 Kh8 13. Bb1 fxe5 14. fxe5 Ndxe5 15. dxe5 Nxe5 16. Nxe5 Qf2+ 17. Kh3 Rf5 18. Nd3 Rh5+ 19. Qxh5 e5+ 20. Kh4 Be7+ 21. Bg5 Qd4+ 22. Nf4 Bxg5+ 23. Qxg5 Bd7 24. Nf3 1-0

[Event "CAN-ch U16"]
[Site "Windsor"]
[Date "2010.07.07"]
[Round "4"]
[White "Li, Ruokai David"]
[Black "Nadeau, Emmanuel"]
[Result "1-0"]
[WhiteElo "1932"]
[BlackElo "1770"]
[PlyCount "41"]
[EventDate "2010.07.06"]
[EventType "swiss"]
[EventRounds "7"]
[EventCountry "CAN"]
[SourceTitle "EXT 2012"]
[Source "ChessBase"]
[SourceDate "2011.11.24"]
[SourceVersion "1"]
[SourceVersionDate "2011.11.24"]
[SourceQuality "1"]

1. e4 c5 2. Nf3 e6 3. d4 cxd4 4. Nxd4 a6 5. Nc3 b5 6. Bd3 d6 7. 0-0 Nf6 8. Kh1 Be7 9. f4 0-0 10. Qf3 Bb7 11. a3 Nbd7 12. f5 e5 13. Nde2 Nc5 14. Bg5 d5 15. Bxf6 dxe4 16. Bxe4 Bxf6 17. Bxb7 Ra7 18. Rad1 Qb8 19. Be4 Rd8 20. Rxd8+ Qxd8 21. Rd1 1-0

[Event "CAN-ch U14"]
[Site "Victoria"]
[Date "2009.07.22"]
[Round "4"]
[White "Li, Ruokai David"]
[Black "Sohal, Tanraj"]
[Result "1-0"]
[WhiteElo "2012"]
[BlackElo "2136"]
[PlyCount "73"]
[EventDate "2009.07.21"]
[EventType "swiss"]
[EventRounds "8"]
[EventCountry "CAN"]
[SourceTitle "EXT 2011"]
[Source "ChessBase"]
[SourceDate "2010.11.26"]
[SourceVersion "1"]
[SourceVersionDate "2010.11.26"]
[SourceQuality "1"]

1. e4 c5 2. Nf3 Nc6 3. d4 cxd4 4. Nxd4 Nf6 5. Nc3 e5 6. Ndb5 d6 7. Bg5 a6 8. Na3 Be6 9. Nc4 Rc8 10. Ne3 Be7 11. Bxf6 Bxf6 12. Ned5 Nd4 13. Bd3 0-0 14. 0-0 g6 15. a4 Bg7 16. a5 f5 17. Nb6 Rc7 18. Ncd5 Rcf7 19. c3 Nc6 20. f3 Kh8 21. Qa4 Ne7 22. Nxe7 Rxe7 23. Rad1 Bh6 24. Kh1 Be3 25. Nc4 Ba7 26. Be2 Rd7 27. b4 Qc7 28. b5 axb5 29. Qxb5 Rc8 30. Nxd6 Rxd6 31. Qxe5+ Kg8 32. Rxd6 Bf7 33. Rfd1 Bb8 34. Qf6 Re8 35. g3 fxe4 36. Bb5 Re7 37. Rd8+ 1-0

[Event "CAN-ch U14"]
[Site "Quebec"]
[Date "2008.07.16"]
[Round "7"]
[White "Li, Ruokai David"]
[Black "Keith Jacques, Liam"]
[Result "1/2-1/2"]
[WhiteElo "1767"]
[BlackElo "2040"]
[PlyCount "110"]
[EventDate "2008.07.14"]
[EventType "swiss"]
[EventRounds "7"]
[EventCountry "CAN"]
[SourceTitle "EXT 2011"]
[Source "ChessBase"]
[SourceDate "2010.11.26"]
[SourceVersion "1"]
[SourceVersionDate "2010.11.26"]
[SourceQuality "1"]

1. e4 c5 2. Nf3 d6 3. d4 cxd4 4. Nxd4 Nf6 5. Nc3 a6 6. Bg5 e6 7. f4 Nbd7 8. Qf3 Qc7 9. 0-0-0 b5 10. g4 Bb7 11. Bxf6 Nxf6 12. f5 e5 13. Nb3 b4 14. Nd5 Bxd5 15. exd5 Qb6 16. g5 Nd7 17. f6 gxf6 18. Bh3 Bg7 19. Rhe1 0-0-0 20. gxf6 Bh6+ 21. Kb1 Kb8 22. Qh5 Bf4 23. Qxf7 Rhf8 24. Qxh7 Nxf6 25. Qd3 Bxh2 26. Be6 Bf4 27. c3 a5 28. cxb4 axb4 29. Nd2 Bxd2 30. Qxd2 Nh5 31. Re4 Rf4 32. Rde1 Rdf8 33. R4e3 Rf2 34. Qd1 Nf4 35. Rb3 Ng2 36. a3 Nxe1 37. Rxb4 Qxb4 38. axb4 Nc2 39. Ka2 R8f3 40. Bg4 Nxb4+ 41. Kb1 Rf4 42. Be2 Rh2 43. Qa4 Rh1+ 44. Bd1 Rd4 45. Qb5+ Kc7 46. Qa5+ Kd7 47. Qa7+ Ke8 48. Qb8+ Ke7 49. Qc7+ Ke8 50. Qc8+ Kf7 51. Qd7+ Kg6 52. Qe8+ Kg7 53. Qe7+ Kg8 54. Qe8+ Kg7 55. Qe7+ Kg8 1/2-1/2

[Event "CAN-ch U14"]
[Site "Quebec"]
[Date "2008.07.16"]
[Round "5"]
[White "Seguin, Ryan"]
[Black "Li, Ruokai David"]
[Result "0-1"]
[WhiteElo "1386"]
[BlackElo "1767"]
[PlyCount "32"]
[EventDate "2008.07.14"]
[EventType "swiss"]
[EventRounds "7"]
[EventCountry "CAN"]
[SourceTitle "EXT 2011"]
[Source "ChessBase"]
[SourceDate "2010.11.26"]
[SourceVersion "1"]
[SourceVersionDate "2010.11.26"]
[SourceQuality "1"]

1. e4 c5 2. Nf3 d6 3. d4 cxd4 4. Nxd4 Nf6 5. Nc3 g6 6. Be3 Bg7 7. Qd2 Ng4 8. h3 Nxe3 9. Qxe3 0-0 10. g4 Nc6 11. Nxc6 bxc6 12. Be2 Qa5 13. Rd1 Rb8 14. Bd3 Rxb2 15. f4 Bxc3+ 16. Kf2 c5 0-1

[Event "CAN-ch U14"]
[Site "Quebec"]
[Date "2008.07.14"]
[Round "2"]
[White "Li, Ruokai David"]
[Black "Dawson, Michael"]
[Result "1-0"]
[WhiteElo "1767"]
[BlackElo "1596"]
[PlyCount "79"]
[EventDate "2008.07.14"]
[EventType "swiss"]
[EventRounds "7"]
[EventCountry "CAN"]
[SourceTitle "EXT 2011"]
[Source "ChessBase"]
[SourceDate "2010.11.26"]
[SourceVersion "1"]
[SourceVersionDate "2010.11.26"]
[SourceQuality "1"]

1. e4 e6 2. d4 d5 3. Nc3 Nf6 4. e5 Nfd7 5. f4 c5 6. Nf3 Nc6 7. Be3 Qb6 8. Na4 Qb4+ 9. c3 Qa5 10. dxc5 Nxc5 11. Nxc5 Bxc5 12. b4 Nxb4 13. Bxc5 Qxc5 14. cxb4 Qxb4+ 15. Qd2 Qxd2+ 16. Kxd2 a6 17. Bd3 Bd7 18. Rhc1 Ke7 19. Rc2 Rhc8 20. Rac1 Rxc2+ 21. Rxc2 Rc8 22. Rxc8 Bxc8 23. Kc3 h6 24. Kb4 Kd8 25. Nd4 Kc7 26. a4 b6 27. a5 b5 28. Kc5 Bd7 29. g4 f6 30. exf6 gxf6 31. f5 e5 32. Ne6+ Bxe6 33. fxe6 e4 34. Be2 d4 35. Kxd4 Kd6 36. Kxe4 Kxe6 37. Bxb5 axb5 38. a6 b4 39. a7 b3 40. a8Q 1-0

[Event "CAN-ch U12"]
[Site "Ottawa"]
[Date "2007.07.03"]
[Round "1"]
[White "Venner, John"]
[Black "Li, Ruokai David"]
[Result "0-1"]
[WhiteElo "784"]
[BlackElo "958"]
[PlyCount "58"]
[EventDate "2007.07.03"]
[EventType "swiss"]
[EventRounds "7"]
[EventCountry "CAN"]
[SourceTitle "EXT 2022"]
[Source "ChessBase"]
[SourceDate "2021.10.06"]
[SourceVersion "1"]
[SourceVersionDate "2021.10.06"]
[SourceQuality "1"]

1. e4 e6 2. d4 d5 3. exd5 exd5 4. Nc3 c6 5. Nf3 Bd6 6. Bd3 Ne7 7. h3 Bf5 8. Bxf5 Nxf5 9. 0-0 0-0 10. Re1 Nd7 11. a3 Qc7 12. Re2 Nb6 13. Ne5 Rfe8 14. Bf4 Re7 15. Qe1 Rae8 16. g3 Nxd4 17. Rd2 Rxe5 18. Bxe5 Nf3+ 19. Kf1 Nxe1 20. Rxe1 Rxe5 21. Rde2 f6 22. f4 Rxe2 23. Rxe2 Kf7 24. f5 Bxg3 25. Re6 Qf4+ 26. Ke2 Qxf5 27. Re3 Qf2+ 28. Kd3 Nc4 29. Na4 Qxe3# 0-1